Missing Letters Puzzle #2 - Statistics

General Stats
  • This quiz has been taken 354 times
  • The average score is 10 of 12
Answer Stats
Incomplete Word Answer % Correct
ONE, FREEING, QUART, PRIED Z
95%
EEL, STAR, SUNK, MONEY K
91%
RAIL, NAIVE, PLANE, CANON T
89%
FORDS, AUNT, INURE, ARGON J
83%
INCH, SINE, INSET, OVER C
81%
SURER, SCAR, DEER, LOWER F
81%
MEN, SAGE, LIE, ANNAL U
81%
ICE, SHOE, OMIT, CURES V
81%
LAST, SUITS, STATE, CARER E
77%
TALE, RAINS, ROUST, SUPER B
75%
HAVE, AIL, METAL, SACKS N
74%
CAME, CURSE, CARTON, LIVE O
71%
No matching quizzes found
Score Distribution
Percent of People with Each Score
Percentile by Number Answered
Your Score History
You have not taken this quiz